Jóvenes arquitectos mexicanos /

-д хадгалсан:
Номзүйн дэлгэрэнгүй
Үндсэн зохиолч: Alva Martínez, Ernesto (autor)
Бусад зохиолчид: Elguero Hume, Enrique (coordinación) (coordinación)
Формат: Ном
Хэл сонгох:испани
Нөхцлүүд:
Шошгууд: Шошго нэмэх
Шошго байхгүй, Энэхүү баримтыг шошголох эхний хүн болох!

MARC

LEADER 00000nam^a2200000^a^4500
001 000277506
005 20250521000000.0
009 20260310111335.456
020 |a 968-6904-01-8 
037 |a Acervo ITESO - Biblioteca 
041 |a ESP 
082 |a 720. 972  |b ALV 
100 |a Alva Martínez, Ernesto  |e (autor) 
245 1 0 |a Jóvenes arquitectos mexicanos /  |c E. Alva Martínez ; coord. de E. Elguero Hume. 
264 |a México :  |b Comex,  |c 1993 
300 |a 202 p. 
336 |a texto  |b txt  |2 rdacontenido 
337 |a sin mediación  |b n  |2 rdamedio 
338 |a volumen  |b nc  |2 rdasoporte 
649 |a XX 
650 |a Arquitectos Mexicanos 
650 |a Artistas Mexicanos 
650 |a Arquitectura Regionalista -  |z México -  |x Historia y Crítica 
650 |a Arquitectura Moderna -  |z México -  |x Historia y Crítica 
650 |a Arquitectura Mexicana -  |x Historia y Crítica 
650 |a Arte Moderno -  |z México -  |x Historia y Crítica 
650 |a Arte Mexicano -  |x Historia y Crítica 
700 |a Elguero Hume, Enrique  |e (coordinación) 
910 |a Fondo Julio de la Peña Lomelín 
920 |a Impresos - Libros 
930 |a Arquitectos Jaliscienses 
905 |a 115 
901 |a 0500133071  |b IT1  |c JAL  |u 20250521 
902 |a https://opac.biblio.iteso.mx/vufind/Record/000277506